Tous les Pokémon de type Eau - Statistiques

Statistiques générales
  • Ce quiz a été pris 14 fois
  • Le résultat moyen est 124 sur 170
Statistiques - réponses
Génération Pokémon Second type % Correct
Première Carapuce
100%
Première Tortank
100%
Seconde Aligatueur
92%
Première Amonistar Roche
92%
Première Amonita Roche
92%
Première Aquali
92%
Seconde Crocrodil
92%
Seconde Démanta Vol
92%
Première Carabaffe
92%
Première Flagadoss Psy
92%
Première Hypocéan
92%
Première Hypotrempe
92%
Seconde Kaiminus
92%
Première Lamantine Glace
92%
Seconde Lanturn Electrik
92%
Première Léviator Vol
92%
Première Lokhlass Glace
92%
Seconde Loupio Electrik
92%
Première Magicarpe
92%
Cinquième Moustillon
92%
Première Otaria
92%
Première Ptitard
92%
Première Ramoloss Psy
92%
Première Stari
92%
Première Staross Psy
92%
Seconde Suicune
92%
Première Tartard Combat
92%
Première Têtarte
92%
Quatrième Tiplouf
92%
Seconde Axoloto Sol
85%
Troisième Békipan Vol
85%
Troisième Carvanha Ténèbres
85%
Cinquième Clamiral
85%
Première Crustabri Glace
85%
Troisième Flobio Sol
85%
Troisième Gobou
85%
Sixième Golgopathe Roche
85%
Sixième Grenousse
85%
Seconde Hyporoi Dragon
85%
Première Kabuto Roche
85%
Première Kabutops Roche
85%
Troisième Kaimorse Glace
85%
Première Krabby
85%
Troisième Kyogre
85%
Troisième Laggron Sol
85%
Troisième Lombre Plante
85%
Troisième Ludicolo Plante
85%
Seconde Maraisté Sol
85%
Cinquième Mateloutre
85%
Quatrième Mustéflott
85%
Troisième Nénupiot Plante
85%
Troisième Obalie Glace
85%
Seconde Octillery
85%
Quatrième Palkia Dragon
85%
Troisième Phogleur Glace
85%
Quatrième Pingoléon Acier
85%
Première Poissoroy
85%
Quatrième Prinplouf
85%
Troisième Relicanth Roche
85%
Seconde Rémoraid
85%
Seconde Roigada Psy
85%
Troisième Sharpédo Ténèbres
85%
Première Tentacool Poison
85%
Première Tentacruel Poison
85%
Sixième Amphinobi Ténèbres
77%
Troisième Arakdo Insect
77%
Seconde Azumarill Fée
77%
Cinquième Bargantua
77%
Troisième Barpau
77%
Cinquième Batracné Sol
77%
Neuvième Canarbello
77%
Troisième Coquiperl
77%
Seconde Corayon Roche
77%
Cinquième Couaneton Vol
77%
Cinquième Crapustule Sol
77%
Sixième Croâporal
77%
Troisième Goélise Vol
77%
Première Kokiyas
77%
Première Krabboss
77%
Troisième Lovdisc
77%
Quatrième Luminéon
77%
Quatrième Manaphy
77%
Seconde Marill Fée
77%
Première Méga-Flagadoss Psy
77%
Troisième Méga-Laggron Sol
77%
Troisième Méga-Sharpédo Ténèbres
77%
Première Méga-Tortank
77%
Troisième Milobéllus
77%
Cinquième Moyade Spectre
77%
Quatrième Mustébouée
77%
Sixième Opermine Roche
77%
Septième Oratoria Fée
77%
Septième Otaquin
77%
Quatrième Phione
77%
Première Poissirène
77%
Troisième Primo-Kyogre
77%
Seconde Qwilfish Poison
77%
Troisième Rosabyss
77%
Quatrième Sancoki Sol
77%
Troisième Serpang
77%
Septième Sovkipou Insect
77%
Quatrième Tritosor Sol
77%
Cinquième Viskuse Spectre
77%
Première Akwakwak
69%
Quatrième Arceus Eau
69%
Troisième Barbicha Sol
69%
Troisième Barloche Sol
69%
Cinquième Carapagos Roche
69%
Troisième Colhomard Ténèbres
69%
Quatrième Ecayon
69%
Troisième Ecrapince
69%
Cinquième Keldeo Combat
69%
Cinquième Lakmécygne Vol
69%
Huitième Larméléon
69%
Huitième Lézargus
69%
Première Méga-Léviator Ténèbres
69%
Cinquième Mégapagos Roche
69%
Septième Otarlette
69%
Neuvième Palmaval Combat
69%
Huitième Paragruel Spectre
69%
Septième Prédastérie Poison
69%
Première Psykokwak
69%
Septième Sarmuraï Insect
69%
Seconde Tarpaud
69%
Cinquième Tritonde
69%
Sixième Volcanion Feu
69%
Septième Vorastérie Poison
69%
Septième Araqua Insect
62%
Huitième Arrozard
62%
Quatrième Babimanta Vol
62%
Huitième Clamiral de Hisui Ténèbres
62%
Neuvième Coiffeton
62%
Quatrième Motisma Lavage Electrik
62%
Septième Tarenbulle Insect
62%
Quatrième Castorno
54%
Huitième Embrochet
54%
Sixième Flingouste
54%
Sixième Gamblast
54%
Cinquième Mamanbo
54%
Neuvième Nigirigon Dragon
54%
Huitième Nigosier Vol
54%
Neuvième Oyacata
54%
Quatrième Palkia Originel Dragon
54%
Sixième Sachanobi Ténèbres
54%
Septième Silvallié Eau
54%
Neuvième Taupikeau
54%
Neuvième Tauros de Paldea Combat
54%
Huitième Torgamord Roche
54%
Neuvième Triopikeau
54%
Sixième Venalgue Poison
54%
Troisième Wailmer
54%
Troisième Wailord
54%
Cinquième Flotajou
46%
Cinquième Flotoutan
46%
Septième Froussardine
46%
Huitième Hastacuda
46%
Huitième Khélocrok
46%
Neuvième Serpente-Eau Dragon
46%
Septième Tokopisco Fée
46%
Neuvième Délestin Psy
38%
Septième Denticrisse Psy
38%
Huitième Hydragla Glace
38%
Huitième Hydragon Dragon
38%
Troisième Morphéo forme Eau de Pluie
38%
Neuvième Ogerpon masque du Puits Plante
38%
Huitième Shifours style Mille Poings Combat
38%
Septième Concombaffe
31%
Neuvième Dofin
31%
Neuvième Hotte-de-Fer Glace
31%
Neuvième Superdofin
31%
Aucun quiz correspondant
Distribution des résultats
% des personnes avec chaque résultat
Percentile par nombre de réponses
Votre historique - résultats
Vous n’avez pas pris ce quiz